Marvel Cinematic Universe: Members of the Fantastic Four by Picture - Statistics

General Stats
  • This quiz has been taken 53 times
  • The average score is 5 of 5
Answer Stats
Picture Answer % Correct
Human Torch
100%
Mister Fantastic
100%
The Thing
97%
Invisible Woman
94%
H.E.R.B.I.E.
72%
No matching quizzes found
Score Distribution
Percent of People with Each Score
Percentile by Number Answered
Your Score History
You have not taken this quiz